|
|
|
|
| LEADER |
01441nam a2200397 a 4500 |
| 001 |
EBC894047 |
| 003 |
MiAaPQ |
| 005 |
20200520144314.0 |
| 006 |
m o d | |
| 007 |
cr cn||||||||| |
| 008 |
120409s2012 gw sb 001 0 eng d |
| 010 |
|
|
|z 2012011919
|
| 020 |
|
|
|z 9783110204032 (hardcover : alk. paper)
|
| 020 |
|
|
|a 9783110265408 (electronic bk.)
|
| 035 |
|
|
|a (MiAaPQ)EBC894047
|
| 035 |
|
|
|a (Au-PeEL)EBL894047
|
| 035 |
|
|
|a (CaPaEBR)ebr10562576
|
| 035 |
|
|
|a (CaONFJC)MIL359902
|
| 035 |
|
|
|a (OCoLC)794379526
|
| 040 |
|
|
|a MiAaPQ
|c MiAaPQ
|d MiAaPQ
|
| 050 |
|
4 |
|a B2798
|b .K2265 2012
|
| 082 |
0 |
4 |
|a 127.092
|2 23
|
| 245 |
0 |
0 |
|a Kant's philosophy of the unconscious
|h [electronic resource] /
|c edited by Piero Giordanetti, Riccardo Pozzo, Marco Sgarbi.
|
| 260 |
|
|
|a Berlin :
|b De Gruyter,
|c 2012.
|
| 300 |
|
|
|a vi, 329 p.
|
| 504 |
|
|
|a Includes bibliographical references and index.
|
| 533 |
|
|
|a Electronic reproduction. Ann Arbor, MI : ProQuest, 2015. Available via World Wide Web. Access may be limited to ProQuest affiliated libraries.
|
| 600 |
1 |
0 |
|a Kant, Immanuel,
|d 1724-1804.
|
| 650 |
|
0 |
|a Consciousness.
|
| 650 |
|
0 |
|a Subconsciousness.
|
| 655 |
|
4 |
|a Electronic books.
|
| 700 |
1 |
|
|a Giordanetti, Piero.
|
| 700 |
1 |
|
|a Pozzo, Riccardo,
|d 1959-
|
| 700 |
1 |
|
|a Sgarbi, Marco,
|d 1982-
|
| 710 |
2 |
|
|a ProQuest (Firm)
|
| 856 |
4 |
0 |
|u https://ebookcentral.proquest.com/lib/matrademy/detail.action?docID=894047
|z Click to View
|